[Event "Sparkassen-Open A"]
[Site "Heusenstamm, Martinsee"]
[Date "2022.11.18"]
[Round "3.26"]
[White "Reschke, Thomas"]
[Black "Rönsch, Andreas"]
[Result "1/2-1/2"]
[WhiteElo "2143"]
[BlackElo "1935"]
[PlyCount "45"]
[EventDate "2022.??.??"]
[WhiteTeam "SC Frankfurt-West"]
[BlackTeam "SU Mühlheim"]

1. c4 Nf6 2. g3 g6 3. Bg2 Bg7 4. Nc3 O-O 5. e4 d6 6. Nge2 Nbd7 7. d3 c5 8. O-O
a6 9. h3 Rb8 10. a4 Ne5 11. Be3 Bd7 12. Rb1 h6 13. b4 cxb4 14. Rxb4 Nc6 15. Rb1
e6 16. Qd2 Kh7 17. Kh2 Bc8 18. Bb6 Qe7 19. Be3 Qd8 20. f4 Nd7 21. f5 Nde5 22.
g4 Qh4 23. Kg1 1/2-1/2

[Event "Sparkassen-Open A"]
[Site "Heusenstamm, Martinsee"]
[Date "2022.11.18"]
[Round "3.28"]
[White "Ohler, Julius"]
[Black "Junker, Christian"]
[Result "1/2-1/2"]
[WhiteElo "2120"]
[BlackElo "1995"]
[PlyCount "87"]
[EventDate "2022.??.??"]
[WhiteTeam "SC ML Kastellaun"]
[BlackTeam "SV 1926 Neu-Isenburg"]

1. d4 f5 2. Nc3 d5 3. Bf4 c6 4. e3 Nf6 5. Bd3 e6 6. Nge2 Be7 7. O-O O-O 8. a3
b5 9. f3 Nh5 10. Be5 Nd7 11. g4 fxg4 12. fxg4 Nhf6 13. Nf4 Nxe5 14. dxe5 Ne8
15. Qf3 Bh4 16. Qh3 Bd7 17. g5 Qxg5+ 18. Ng2 Rxf1+ 19. Rxf1 Nc7 20. Qxh4 Qxh4
21. Nxh4 c5 22. Nf3 a5 23. Ng5 h6 24. Nf3 b4 25. Nb1 Be8 26. c4 Rb8 27. Rf2
bxa3 28. Nxa3 Rb3 29. Rd2 Bc6 30. Kf2 Kf7 31. Ke2 Ke7 32. Rc2 Be8 33. cxd5 Nxd5
34. Nc4 Bh5 35. Be4 a4 36. Kf2 Rb4 37. Ncd2 g5 38. Ne1 Bd1 39. Rxc5 Rxb2 40.
Nc2 a3 41. Nc4 Nc3 42. Bd3 Rxc2+ 43. Bxc2 Bxc2 44. Nxa3 1/2-1/2

[Event "Sparkassen-Open A"]
[Site "Heusenstamm, Martinsee"]
[Date "2022.11.18"]
[Round "3.30"]
[White "Krychevskiy, Dmytro"]
[Black "Kramer, Julian"]
[Result "0-1"]
[WhiteElo "1912"]
[BlackElo "2461"]
[PlyCount "70"]
[EventDate "2022.??.??"]
[WhiteTeam "SV Oberursel"]
[BlackTeam "Hamburger SK von 1830"]

1. e4 c5 2. Nf3 Nf6 3. Nc3 d6 4. d4 cxd4 5. Nxd4 Nc6 6. Be2 e5 7. Nb3 Be7 8.
Be3 Be6 9. f3 O-O 10. Qd2 a5 11. Bb5 Na7 12. Bd3 Nc8 13. Qf2 a4 14. Nd2 a3 15.
Nb3 axb2 16. Rb1 d5 17. exd5 Nxd5 18. Nxd5 Bxd5 19. Rxb2 Bh4 20. g3 Bf6 21. Be4
Bxe4 22. fxe4 Nd6 23. Nd2 Bg5 24. O-O Bxe3 25. Qxe3 b5 26. Kg2 Qc7 27. Rf2 Qc6
28. Kg1 Ra4 29. Re2 Rc8 30. Qb3 Rd4 31. Qe3 h6 32. h4 b4 33. Rb3 Qa6 34. Rb2
Rxd2 35. Rxd2 Nc4 0-1

[Event "Sparkassen-Open A"]
[Site "Heusenstamm, Martinsee"]
[Date "2022.11.18"]
[Round "3.31"]
[White "Weil, Michael"]
[Black "Hagner, Bennet"]
[Result "0-1"]
[WhiteElo "1879"]
[BlackElo "2336"]
[PlyCount "90"]
[EventDate "2022.??.??"]
[WhiteTeam "SC Steinbach"]
[BlackTeam "Frankfurter TV 1860"]

1. d4 Nf6 2. Nf3 e6 3. e3 c5 4. c3 b6 5. Nbd2 cxd4 6. exd4 Be7 7. Bd3 Ba6 8.
Qe2 Bxd3 9. Qxd3 O-O 10. O-O d6 11. Ne4 Nbd7 12. Nxf6+ Nxf6 13. a4 Qc7 14. Re1
a6 15. Bg5 h6 16. Bh4 Rfc8 17. h3 Qb7 18. Bxf6 Bxf6 19. Nd2 Bg5 20. Nc4 Qc6 21.
Ne3 d5 22. Ng4 b5 23. Ne5 Qb7 24. axb5 axb5 25. Qf3 b4 26. cxb4 Bd2 27. Rxa8
Rxa8 28. Rb1 Bxb4 29. Qb3 Rb8 30. Nf3 Qc7 31. Qd3 Be7 32. b3 Rb4 33. g3 g6 34.
Kg2 Bf6 35. g4 Kg7 36. Qe3 Qc2 37. Ra1 Rxb3 38. Qf4 g5 39. Qg3 Bxd4 40. Ra8 Qe4
41. Ra4 e5 42. Ra2 Rd3 43. h4 gxh4 44. Qh3 Rb3 45. Ra6 Rb2 0-1

[Event "Sparkassen-Open A"]
[Site "Heusenstamm, Martinsee"]
[Date "2022.11.18"]
[Round "3.32"]
[White "Klundt, Klaus"]
[Black "Nerz, Lenard"]
[Result "1-0"]
[WhiteElo "2273"]
[BlackElo "1989"]
[PlyCount "101"]
[EventDate "2022.??.??"]
[WhiteTeam "SC Heusenstamm"]
[BlackTeam "Spvgg Böblingen"]

1. e4 e5 2. Nf3 Nc6 3. Bb5 a6 4. Ba4 Nf6 5. O-O Be7 6. Re1 b5 7. Bb3 O-O 8. d3
d6 9. c3 Na5 10. Bc2 c5 11. Nbd2 Nc6 12. Nf1 Qc7 13. Ng3 Re8 14. h3 h6 15. a4
Rb8 16. Bb3 Na5 17. Bc2 Nc6 18. axb5 axb5 19. Bb3 b4 20. Nd2 Na5 21. Ba4 Rd8
22. Nf5 Bf8 23. Qf3 Nh7 24. Ne3 Nf6 25. Ndc4 Nxc4 26. Nxc4 bxc3 27. bxc3 Nd7
28. Qg3 Kh8 29. f4 Ba6 30. Bxd7 Bxc4 31. Bg4 Bb3 32. Rf1 Ra8 33. Be3 Bc2 34.
Rxa8 Rxa8 35. Be2 Ra2 36. fxe5 dxe5 37. Bh5 f6 38. Bxh6 gxh6 39. Rxf6 Bg7 40.
Rf7 Qxf7 41. Bxf7 Ra1+ 42. Kh2 Rf1 43. Bc4 Bd1 44. d4 Rf4 45. dxc5 Bc2 46. Bd5
Bxe4 47. Bxe4 Rxe4 48. Qd3 Re1 49. c6 e4 50. Qd8+ Kh7 51. Qe7 1-0

[Event "Sparkassen-Open A"]
[Site "Heusenstamm, Martinsee"]
[Date "2022.11.18"]
[Round "3.33"]
[White "Kleibel, Uwe"]
[Black "Tremöhlen, Thomas"]
[Result "1-0"]
[WhiteElo "2238"]
[BlackElo "1979"]
[PlyCount "47"]
[EventDate "2022.??.??"]
[WhiteTeam "SC Bavaria Regensburg von 1881"]
[BlackTeam "SG Kaarst 1912/35"]

1. d4 Nf6 2. Nf3 g6 3. Nc3 d5 4. Bf4 c6 5. e3 Bf5 6. Be2 Nbd7 7. Ne5 h5 8. Qd2
e6 9. f3 Rg8 10. h4 Be7 11. O-O-O Nxe5 12. Bxe5 Nd7 13. Bg3 Bb4 14. a3 Ba5 15.
Bd6 Bc7 16. Bxc7 Qxc7 17. e4 dxe4 18. fxe4 Bg4 19. Bxg4 hxg4 20. Qg5 Qg3 21. e5
Rh8 22. Ne4 Qxg2 23. Nd6+ Kf8 24. Rhf1 1-0

[Event "Sparkassen-Open A"]
[Site "Heusenstamm, Martinsee"]
[Date "2022.11.18"]
[Round "3.34"]
[White "Dolzhykova, Kateryna"]
[Black "Böhmer, Thomas"]
[Result "1-0"]
[WhiteElo "2204"]
[BlackElo "1969"]
[PlyCount "83"]
[EventDate "2022.??.??"]
[WhiteTeam "SV Oberursel"]
[BlackTeam "Sfr Stiller Zug Wiesbaden"]

1. e4 c6 2. d4 d5 3. Nd2 dxe4 4. Nxe4 Bf5 5. Ng3 Bg6 6. Nh3 e6 7. Nf4 Bd6 8.
Ngh5 Bxh5 9. Nxh5 g6 10. Ng3 Nd7 11. Ne4 Be7 12. Bf4 Qa5+ 13. c3 Qd5 14. Bd3
Ngf6 15. Qf3 O-O 16. h4 c5 17. Bg5 Kg7 18. h5 h6 19. Bxf6+ Nxf6 20. hxg6 fxg6
21. Nxc5 Qxf3 22. gxf3 Bxc5 23. dxc5 Nd5 24. Be4 Rac8 25. b4 b6 26. Rd1 Nxc3
27. Rd7+ Rf7 28. Rxf7+ Kxf7 29. Rxh6 Nxe4 30. fxe4 Kg7 31. Rh3 bxc5 32. Rc3 c4
33. e5 g5 34. Ra3 Rc7 35. Kd2 Kg6 36. Rf3 Rc6 37. a4 a6 38. Kc3 g4 39. Rf4 Kg5
40. Rxc4 Rxc4+ 41. Kxc4 Kf4 42. b5 1-0

[Event "Sparkassen-Open A"]
[Site "Heusenstamm, Martinsee"]
[Date "2022.11.18"]
[Round "3.35"]
[White "Kardoeus, David"]
[Black "Berberich, Christoph"]
[Result "1-0"]
[WhiteElo "2167"]
[BlackElo "1952"]
[PlyCount "85"]
[EventDate "2022.??.??"]
[WhiteTeam "SV Werder Bremen"]
[BlackTeam "FSF 1887 Zähringen"]

1. d4 Nf6 2. c4 c5 3. d5 b5 4. cxb5 a6 5. e3 g6 6. Nc3 Bg7 7. Nf3 O-O 8. a4 Bb7
9. Ra3 e6 10. Bc4 axb5 11. axb5 Rxa3 12. bxa3 exd5 13. Nxd5 Nxd5 14. Bxd5 Bxd5
15. Qxd5 Qa5+ 16. Nd2 Qxb5 17. Nc4 Qc6 18. Qxc6 Nxc6 19. Ke2 d5 20. Nb6 Rd8 21.
Rd1 d4 22. exd4 Nxd4+ 23. Kf1 h5 24. a4 Rb8 25. a5 Nb3 26. Bf4 Rb7 27. a6 Ra7
28. Rd8+ Kh7 29. Ra8 Re7 30. g3 Bc3 31. Nd5 Re1+ 32. Kg2 Bd4 33. Bg5 Re6 34. a7
Ra6 35. Rb8 Rxa7 36. Rxb3 c4 37. Rb8 Ra5 38. Nf6+ Bxf6 39. Bxf6 g5 40. Rc8 Kg6
41. Bc3 Ra4 42. Rc6+ Kh7 43. Kf3 1-0

[Event "Sparkassen-Open A"]
[Site "Heusenstamm, Martinsee"]
[Date "2022.11.18"]
[Round "3.36"]
[White "Wachsmann, Elmar"]
[Black "Iliev, Mustafa Batuhan"]
[Result "0-1"]
[WhiteElo "1858"]
[BlackElo "2089"]
[PlyCount "102"]
[EventDate "2022.??.??"]
[WhiteTeam "SC Groß-Umstadt"]
[BlackTeam "SV KS 1929 Großauheim"]

1. d4 f5 2. c4 Nf6 3. Nc3 d6 4. Nf3 g6 5. Bf4 Bg7 6. e3 O-O 7. Be2 c6 8. O-O h6
9. h3 Nbd7 10. Qc2 Qe8 11. d5 Nc5 12. Rfd1 Bd7 13. Rac1 Rc8 14. b4 Nce4 15. Qd3
Nxc3 16. Rxc3 cxd5 17. cxd5 Rxc3 18. Qxc3 Ba4 19. Rc1 Nxd5 20. Qc4 Qf7 21. Bg3
Bd7 22. Qb3 Nb6 23. Qa3 Rc8 24. Rxc8+ Nxc8 25. Qa5 b6 26. Qa6 e5 27. Nd2 Kh7
28. f3 Be6 29. e4 Qc7 30. Bc4 Bxc4 31. Qxc4 Qxc4 32. Nxc4 Kg8 33. Kf1 Kf7 34.
Ke2 Ke6 35. Kd3 Bf6 36. Be1 b5 37. Na3 a6 38. Nb1 d5 39. exd5+ Kxd5 40. Nc3+
Kc6 41. a4 Nb6 42. axb5+ axb5 43. Bd2 Bg5 44. Be1 Nd5 45. Nxd5 Kxd5 46. Bf2 e4+
47. fxe4+ fxe4+ 48. Ke2 Be7 49. Be1 Kc4 50. Ke3 Bxb4 51. Bh4 Kd5 0-1

[Event "Sparkassen-Open A"]
[Site "Heusenstamm, Martinsee"]
[Date "2022.11.18"]
[Round "3.37"]
[White "Francke, Helmut"]
[Black "Pfitzer, Norbert"]
[Result "0-1"]
[WhiteElo "1892"]
[BlackElo "2084"]
[PlyCount "70"]
[EventDate "2022.??.??"]
[WhiteTeam "SC Bad Nauheim"]
[BlackTeam "SV Backnang"]

1. Nf3 Nf6 2. g3 g6 3. Bg2 c5 4. O-O Bg7 5. d3 O-O 6. e4 Nc6 7. c3 d6 8. Qe2
Bd7 9. h3 Rb8 10. Be3 b5 11. Nbd2 b4 12. c4 Ne8 13. Nb3 a5 14. Rab1 a4 15. Nc1
Nc7 16. Qd1 Nd4 17. Nxd4 cxd4 18. Bd2 Na6 19. f4 Nc5 20. Qf3 f5 21. g4 fxe4 22.
dxe4 b3 23. a3 Be6 24. Re1 Bxc4 25. Bf1 Bxf1 26. Qxf1 e5 27. Qc4+ Kh8 28. f5
Nxe4 29. Rxe4 d5 30. Qxa4 dxe4 31. Bb4 Re8 32. fxg6 hxg6 33. Qxb3 d3 34. Qa4
Qd4+ 35. Kg2 Rf8 0-1

[Event "Sparkassen-Open A"]
[Site "Heusenstamm, Martinsee"]
[Date "2022.11.18"]
[Round "3.38"]
[White "Steinle, Carsten"]
[Black "Makilla, Tobias"]
[Result "1-0"]
[WhiteElo "2082"]
[BlackElo "1939"]
[PlyCount "65"]
[EventDate "2022.??.??"]
[WhiteTeam "SV Ahlen 1954"]
[BlackTeam "SC 1979 Hattersheim"]

1. Nf3 g6 2. g3 Bg7 3. Bg2 d6 4. d4 Nd7 5. O-O e5 6. dxe5 Nxe5 7. Nxe5 Bxe5 8.
Nc3 Ne7 9. Bh6 Nf5 10. Qd2 Nxh6 11. Qxh6 Bxc3 12. bxc3 Qf6 13. Rab1 c6 14. Rb3
a5 15. c4 a4 16. Rd3 Ke7 17. Rfd1 Rd8 18. Rf3 Qh8 19. Qh4+ f6 20. Re3+ Kf7 21.
c5 d5 22. c4 Be6 23. cxd5 Bxd5 24. Qb4 Rab8 25. Qb6 g5 26. Red3 Re8 27. Bxd5+
cxd5 28. Rxd5 Rxe2 29. Rd7+ Kg6 30. Qb1+ Kh6 31. R1d6 Rg8 32. Rf7 Rg6 33. Qf1
1-0

[Event "Sparkassen-Open A"]
[Site "Heusenstamm, Martinsee"]
[Date "2022.11.18"]
[Round "3.39"]
[White "Lotz, Ralf"]
[Black "Siegert, Gregor"]
[Result "0-1"]
[WhiteElo "1890"]
[BlackElo "1891"]
[PlyCount "92"]
[EventDate "2022.??.??"]
[WhiteTeam "SC 1952 Obertshausen"]
[BlackTeam "Schachforum Darmstadt 1994"]

1. d4 d5 2. Nf3 Nf6 3. c4 c6 4. e3 e6 5. Nc3 Nbd7 6. Bd3 dxc4 7. Bxc4 b5 8. Bd3
a6 9. O-O c5 10. b3 Bb7 11. dxc5 Nxc5 12. Be2 Qb6 13. Bb2 Rd8 14. Qc2 Rc8 15.
Qd1 Be7 16. Rc1 O-O 17. b4 Ncd7 18. Qb3 e5 19. Rfd1 Rfd8 20. a3 h6 21. h3 Bf8
22. Rd2 e4 23. Nd4 Ne5 24. Rcd1 Nc4 25. Bxc4 Rxc4 26. Nf5 Rxd2 27. Rxd2 Qe6 28.
Nd4 Qe5 29. Nce2 Qg5 30. Rc2 Bd5 31. Rxc4 Bxc4 32. Qc2 Bd6 33. Nb3 Qd5 34. Ned4
Qe5 35. Nf3 Qe6 36. Nfd4 Qe5 37. Nf3 Qd5 38. Nfd4 Nd7 39. Nd2 Nf6 40. N2b3 h5
41. Nd2 Bc7 42. Nxc4 bxc4 43. Ne2 Qd3 44. Nd4 Be5 45. Qc1 Nd5 46. g3 c3 0-1

[Event "Sparkassen-Open A"]
[Site "Heusenstamm, Martinsee"]
[Date "2022.11.18"]
[Round "3.40"]
[White "Blaschke, Henri Johannes"]
[Black "Wenzel, Calvin"]
[Result "1/2-1/2"]
[WhiteElo "1822"]
[BlackElo "1984"]
[PlyCount "81"]
[EventDate "2022.??.??"]
[WhiteTeam "SK Vellmar"]
[BlackTeam "SK 1980 Gernsheim"]

1. d4 Nf6 2. c4 c5 3. d5 e6 4. Nc3 exd5 5. cxd5 d6 6. e4 g6 7. Nf3 a6 8. a4 Bg4
9. h3 Bxf3 10. Qxf3 Bg7 11. Bd3 O-O 12. O-O Nbd7 13. Bf4 Qe7 14. Qe2 Rfe8 15.
Rfe1 Nh5 16. Bh2 Ne5 17. Bc2 Qh4 18. a5 Re7 19. Ra3 Rae8 20. Rb3 f5 21. Rb6 Rd8
22. Qf1 f4 23. Bd1 Qg5 24. Bxh5 gxh5 25. f3 Rc7 26. Qe2 Ng6 27. Kh1 Be5 28. Nb1
Rg7 29. Nd2 Nh4 30. Nc4 Kh8 31. Nxe5 Qxe5 32. Rg1 Rdg8 33. Qe1 Nxg2 34. Qc3 Ne3
35. Rxg7 Rxg7 36. Qxe3 fxe3 37. Bxe5 dxe5 38. Rb3 e2 39. Re3 Rg3 40. Rxe2 Rxf3
41. Rd2 1/2-1/2

[Event "Sparkassen-Open A"]
[Site "Heusenstamm, Martinsee"]
[Date "2022.11.18"]
[Round "3.41"]
[White "Marchese, Andrea"]
[Black "Schmidbauer, Frank"]
[Result "0-1"]
[WhiteElo "1869"]
[BlackElo "2066"]
[PlyCount "60"]
[EventDate "2022.??.??"]
[WhiteTeam "SC Matt im Park Ffm"]
[BlackTeam "SV Wollishofen Zuerich"]

1. d4 d6 2. e4 Nf6 3. Bd3 e5 4. Ne2 exd4 5. Nxd4 g6 6. Nc3 Bg7 7. Nf3 O-O 8.
Bg5 h6 9. Bd2 Re8 10. O-O Nbd7 11. Ne1 Nc5 12. f3 d5 13. b4 dxe4 14. fxe4 Ncxe4
15. Nxe4 Nxe4 16. Qf3 Bf5 17. Rd1 Nxd2 18. Rxd2 Qd4+ 19. Kh1 Qxb4 20. Rd1 Be6
21. Be4 Rad8 22. Nd3 Qc3 23. h4 h5 24. Bxb7 Qc4 25. Be4 Bg4 26. Qxf7+ Qxf7 27.
Rxf7 Bxd1 28. Bxg6 Bxc2 29. Rxc7 Bxd3 30. Bxh5 Re1+ 0-1

[Event "Sparkassen-Open A"]
[Site "Heusenstamm, Martinsee"]
[Date "2022.11.18"]
[Round "3.42"]
[White "Stork, Christopher"]
[Black "Ersöz, Can"]
[Result "1-0"]
[WhiteElo "2021"]
[BlackElo "1927"]
[PlyCount "79"]
[EventDate "2022.??.??"]
[WhiteTeam "SV Oberursel"]
[BlackTeam "SV Würzburg von 1865"]

1. e4 c5 2. Nf3 d6 3. d4 cxd4 4. Nxd4 Nf6 5. Nc3 g6 6. Be2 Bg7 7. O-O O-O 8.
Be3 Nc6 9. h3 Bd7 10. Qd2 a6 11. Rad1 Rc8 12. Nxc6 Bxc6 13. Bf3 Re8 14. Bd4 Qc7
15. Rfe1 e5 16. Be3 Red8 17. Bg5 b5 18. a3 Qb7 19. Re3 h6 20. Bxf6 Bxf6 21. Rd3
Bg5 22. Qe2 Be7 23. b4 Kg7 24. g3 Ra8 25. Bg2 Rac8 26. Kh2 Qc7 27. h4 a5 28. h5
axb4 29. axb4 Rb8 30. Kg1 Ba8 31. f4 Qc4 32. hxg6 fxg6 33. f5 gxf5 34. exf5
Qxb4 35. Qh5 Qc5+ 36. Kh2 Bg5 37. Qg6+ Kf8 38. f6 Qc7 39. f7 Ke7 40. Bxa8 1-0

[Event "Sparkassen-Open A"]
[Site "Heusenstamm, Martinsee"]
[Date "2022.11.18"]
[Round "3.43"]
[White "Udelnov, Valentin"]
[Black "Langedijk, Ardjan"]
[Result "1-0"]
[WhiteElo "1873"]
[BlackElo "2059"]
[PlyCount "65"]
[EventDate "2022.??.??"]
[WhiteTeam "Schachzwerge Magdeburg"]
[BlackTeam "Caissa Eenhorn"]

1. e4 e5 2. Nf3 Nc6 3. Bc4 Nf6 4. d3 Be7 5. O-O O-O 6. Re1 d6 7. c3 Kh8 8. Nbd2
Ng8 9. Nf1 Bf6 10. Ng3 g6 11. Be3 Na5 12. Bb5 a6 13. Ba4 b5 14. Bc2 c5 15. b3
Nc6 16. Rc1 h5 17. d4 cxd4 18. cxd4 Bg4 19. d5 Nd4 20. Bxd4 exd4 21. Qd3 Bxf3
22. Qxf3 Be5 23. Rcd1 Rc8 24. Bb1 Rc3 25. Rd3 Qf6 26. Qd1 Qf4 27. Nf1 Rfc8 28.
g3 Qg5 29. Nd2 Nf6 30. Nf3 Qh6 31. Nxd4 Nxe4 32. Nc6 Bf6 33. Qf3 1-0

[Event "Sparkassen-Open A"]
[Site "Heusenstamm, Martinsee"]
[Date "2022.11.18"]
[Round "3.44"]
[White "Simukov, Erik"]
[Black "Bahlo, Jens"]
[Result "1-0"]
[WhiteElo "2000"]
[BlackElo "1898"]
[PlyCount "87"]
[EventDate "2022.??.??"]
[WhiteTeam "SVG CAISSA Kassel"]
[BlackTeam "SK 1858 Gießen"]

1. e4 c5 2. Nf3 a6 3. Nc3 b5 4. d4 cxd4 5. Nxd4 Bb7 6. Bd3 e6 7. O-O Ne7 8. f4
Nbc6 9. Be3 d5 10. e5 g6 11. a4 b4 12. Nce2 Rc8 13. Qe1 Nxd4 14. Nxd4 Qc7 15.
Qxb4 Nf5 16. Qd2 Nxe3 17. Qxe3 Bc5 18. c3 O-O 19. Kh1 Qb6 20. Rab1 a5 21. Rfd1
Rc7 22. g4 Ba6 23. Bxa6 Qxa6 24. f5 exf5 25. gxf5 Re8 26. Qf4 Bxd4 27. Rxd4 Qe2
28. Rxd5 Qc2 29. Re1 Qb3 30. Rb5 Qc4 31. Qxc4 Rxc4 32. fxg6 hxg6 33. Rxa5 Rd8
34. Re2 Rg4 35. h3 Rg3 36. Rb5 Kg7 37. a5 Rh8 38. a6 g5 39. a7 g4 40. Rb8
Rgxh3+ 41. Kg1 Rh1+ 42. Kf2 R8h3 43. a8=Q g3+ 44. Kf3 1-0

[Event "Sparkassen-Open A"]
[Site "Heusenstamm, Martinsee"]
[Date "2022.11.18"]
[Round "3.45"]
[White "Fechner, Andreas"]
[Black "Glöckler, Christian"]
[Result "0-1"]
[WhiteElo "1875"]
[BlackElo "2051"]
[PlyCount "102"]
[EventDate "2022.??.??"]
[WhiteTeam "Spvgg Böblingen"]
[BlackTeam "SC Lindenholzhausen"]

1. d4 Nf6 2. c4 g6 3. Nf3 c5 4. Nc3 cxd4 5. Nxd4 d6 6. g3 Bg7 7. Bg2 a6 8. O-O
O-O 9. e3 e6 10. b3 Qc7 11. Bb2 Rd8 12. Rc1 Qe7 13. Ba3 Ra7 14. Na4 e5 15. Ne2
b5 16. Nb6 Bb7 17. Bxb7 Qxb7 18. Nd5 Nxd5 19. Qxd5 Qxd5 20. cxd5 Kf8 21. Rc2
Ke8 22. Rfc1 Kd7 23. Nc3 f5 24. Nd1 a5 25. Bb2 b4 26. f3 Na6 27. Nf2 Rc7 28. e4
Rxc2 29. Rxc2 Nc5 30. Bc1 f4 31. gxf4 exf4 32. Bxf4 Rf8 33. Be3 Rxf3 34. Bxc5
dxc5 35. Kg2 Re3 36. Kf1 Kd6 37. Re2 Rf3 38. Kg2 Rf8 39. Nd1 Bd4 40. Ne3 Bxe3
41. Rxe3 Rf4 42. Kg3 g5 43. Re2 h5 44. h3 h4+ 45. Kg2 Ke5 46. Re1 a4 47. Re2
axb3 48. axb3 g4 49. Rc2 g3 50. Re2 c4 51. bxc4 Rf2+ 0-1

[Event "Sparkassen-Open A"]
[Site "Heusenstamm, Martinsee"]
[Date "2022.11.18"]
[Round "3.46"]
[White "Hänselmann, Hendrik"]
[Black "Root, Martin"]
[Result "1-0"]
[WhiteElo "2017"]
[BlackElo "1771"]
[PlyCount "77"]
[EventDate "2022.??.??"]
[WhiteTeam "Karlsruher SF"]
[BlackTeam "Spvgg Böblingen"]

1. e4 c5 2. Nc3 Nc6 3. Bb5 e6 4. Bxc6 bxc6 5. f4 d5 6. d3 Be7 7. Nf3 d4 8. Ne2
Nf6 9. O-O O-O 10. Ne5 Qc7 11. Qe1 Nd7 12. Nxd7 Bxd7 13. Bd2 f5 14. exf5 exf5
15. Nxd4 cxd4 16. Qxe7 Rae8 17. Qc5 Re2 18. Ba5 Qb7 19. b3 Rfe8 20. Rf2 Qb5 21.
Qxb5 cxb5 22. Kf1 R2e6 23. Bb4 Rc8 24. Ba3 Bc6 25. Re1 Rce8 26. Rxe6 Rxe6 27.
Bc5 a6 28. Bxd4 Kf7 29. g3 g6 30. Be5 Ke7 31. c4 bxc4 32. bxc4 Ba8 33. Rb2 Kd7
34. Ke2 Rc6 35. Ke3 Rc5 36. Bc3 a5 37. Kd4 Kc6 38. Rb8 Bb7 39. Rxb7 1-0

[Event "Sparkassen-Open A"]
[Site "Heusenstamm, Martinsee"]
[Date "2022.11.18"]
[Round "3.47"]
[White "Müller, Maximilian"]
[Black "Özdemir, Ali Özden"]
[Result "1/2-1/2"]
[WhiteElo "1736"]
[BlackElo "2048"]
[PlyCount "73"]
[EventDate "2022.??.??"]
[WhiteTeam "SC GEMA St.Ingbert"]
[BlackTeam "SK Langen"]

1. e4 c5 2. Nf3 d6 3. Bb5+ Bd7 4. Bxd7+ Nxd7 5. O-O Ngf6 6. Qe2 e6 7. c4 Be7 8.
Nc3 O-O 9. d4 a6 10. Be3 Ng4 11. d5 Nxe3 12. Qxe3 e5 13. Qd3 g6 14. a3 f5 15.
Nd2 f4 16. f3 g5 17. Rab1 b6 18. b4 Ra7 19. Nb3 Nf6 20. Na4 Qc7 21. bxc5 bxc5
22. Qc3 Bd8 23. Nd2 Qg7 24. Rb8 g4 25. Rfb1 Kh8 26. R1b2 Qg5 27. R2b7 Rxb7 28.
Rxb7 Qh4 29. Nf1 Rg8 30. Rb8 gxf3 31. Qxf3 Qe1 32. Nc3 Qc1 33. a4 Ng4 34. Rxd8
Rxd8 35. Qxg4 Qxc3 36. Qg5 Rg8 37. Qf6+ 1/2-1/2

[Event "Sparkassen-Open A"]
[Site "Heusenstamm, Martinsee"]
[Date "2022.11.18"]
[Round "3.48"]
[White "Steudel, Max"]
[Black "Vangsgaard, Claus"]
[Result "1-0"]
[WhiteElo "2043"]
[BlackElo "1888"]
[PlyCount "91"]
[EventDate "2022.??.??"]
[WhiteTeam "SC Brett vorm Kopp Ffm"]
[BlackTeam "Vejlby-Risskov SK"]

1. c4 c6 2. Nf3 Nf6 3. Nc3 d5 4. e3 Bg4 5. Qb3 Qb6 6. Ne5 Qxb3 7. axb3 Be6 8.
d4 Nbd7 9. Nxd7 Bxd7 10. c5 a6 11. Bd3 e6 12. b4 Rc8 13. O-O Be7 14. Bd2 O-O
15. f3 Ne8 16. e4 f5 17. Rae1 Bf6 18. e5 Be7 19. g4 f4 20. Ne2 g5 21. h4 h6 22.
Kg2 Nc7 23. Rh1 Kg7 24. Rh3 Rh8 25. Reh1 Rcf8 26. Be1 Be8 27. hxg5 Bxg5 28. Bh4
Bg6 29. Bxg5 hxg5 30. Rxh8 Bxd3 31. Rxf8 Kxf8 32. Nc3 Bg6 33. Rh8+ Ke7 34. Rg8
Bf7 35. Rb8 Kd7 36. Rxb7 Kc8 37. Rxc7+ Kxc7 38. Ne2 a5 39. bxa5 Kb7 40. b4 Ka6
41. Ng1 Bg6 42. Nh3 Bd3 43. Nxg5 Kb5 44. Nxe6 Kxb4 45. Nxf4 Ba6 46. e6 1-0

[Event "Sparkassen-Open A"]
[Site "Heusenstamm, Martinsee"]
[Date "2022.11.18"]
[Round "3.49"]
[White "Reinecke, Katharina"]
[Black "Nickel, Rüdiger"]
[Result "1-0"]
[WhiteElo "1875"]
[BlackElo "2039"]
[PlyCount "61"]
[EventDate "2022.??.??"]
[WhiteTeam "SK Langen"]
[BlackTeam "SK Dinkelsbühl"]

1. d4 Nf6 2. c4 g6 3. Nf3 Bg7 4. g3 c5 5. Bg2 O-O 6. O-O d6 7. dxc5 dxc5 8. Nc3
Nc6 9. Be3 Be6 10. Bxc5 Bxc4 11. Qa4 Ba6 12. Rfd1 Qe8 13. b4 Nd7 14. Bd4 Nb6
15. Qa3 Nc4 16. Qb3 Nxd4 17. Nxd4 Nd6 18. b5 Bxd4 19. bxa6 Bg7 20. axb7 Rb8 21.
Rab1 a6 22. e3 Qd8 23. Na4 Qa5 24. Qb4 Qh5 25. Nc5 a5 26. Qxa5 Nc4 27. Qb4 Ne5
28. Na6 Nf3+ 29. Bxf3 Qxf3 30. Nxb8 Rxb8 31. Qf4 1-0

[Event "Sparkassen-Open A"]
[Site "Heusenstamm, Martinsee"]
[Date "2022.11.18"]
[Round "3.50"]
[White "Swoboda, Philipp"]
[Black "Stock, Jürgen"]
[Result "0-1"]
[WhiteElo "2002"]
[BlackElo "1825"]
[PlyCount "98"]
[EventDate "2022.??.??"]
[WhiteTeam "SV Frankfurt Nord 1926"]
[BlackTeam "SC Steinbach"]

1. d4 e6 2. c4 f5 3. Nf3 c6 4. Nc3 d5 5. Bf4 Nf6 6. e3 Be7 7. Bd3 O-O 8. h3 Ne4
9. Qc2 Nd7 10. O-O Kh8 11. a3 a5 12. c5 Bf6 13. Ne2 Qe8 14. b4 e5 15. dxe5 Nxe5
16. Nxe5 Bxe5 17. Nd4 g5 18. Bxe5+ Qxe5 19. b5 Bd7 20. Rab1 f4 21. bxc6 bxc6
22. Rb7 fxe3 23. fxe3 Rxf1+ 24. Bxf1 Qg3 25. Nf3 Rd8 26. Bd3 Kg8 27. Bxe4 dxe4
28. Qc4+ Kh8 29. Qxe4 Bf5 30. Qa4 Bxh3 31. Rb2 Bxg2 32. Rxg2 Qxf3 33. Qb3 Rd1+
34. Kh2 Qh5+ 35. Kg3 Qh4+ 36. Kf3 Rf1+ 37. Ke2 Qe1+ 38. Kd3 Qd1+ 39. Qxd1 Rxd1+
40. Kc4 h6 41. e4 Kg7 42. Rf2 h5 43. e5 h4 44. Rf5 Rg1 45. e6 Re1 46. Rxg5+ Kh6
47. Rg4 Kh5 48. Rd4 Rxe6 49. Rd6 Rg6 0-1

[Event "Sparkassen-Open A"]
[Site "Heusenstamm, Martinsee"]
[Date "2022.11.18"]
[Round "3.51"]
[White "Plaumann, Arvin"]
[Black "Weiss, Matthias"]
[Result "1/2-1/2"]
[WhiteElo "1744"]
[BlackElo "2030"]
[PlyCount "75"]
[EventDate "2022.??.??"]
[WhiteTeam "Sfr.Heidesheim"]
[BlackTeam "SF Schöneck"]

1. d4 Nf6 2. g3 g6 3. Bg2 d5 4. Nf3 Bg7 5. O-O O-O 6. c4 dxc4 7. Na3 Na6 8.
Nxc4 c5 9. b3 cxd4 10. Nxd4 Ne8 11. Bb2 Nd6 12. Nxd6 Qxd6 13. Rb1 Qb6 14. e3
Bd7 15. Nf3 Bc6 16. Bxg7 Kxg7 17. Qd4+ Qxd4 18. Nxd4 Bxg2 19. Kxg2 Nb4 20. a3
Nd5 21. Rbd1 Rfd8 22. Rd2 Kf6 23. e4 Nc3 24. Re1 e5 25. Nf3 Rxd2 26. Nxd2 Rd8
27. Nb1 Nxb1 28. Rxb1 Rd3 29. Kf1 Rd4 30. Rc1 Rd3 31. Rb1 Rc3 32. Ke2 Rc2+ 33.
Ke3 Ke6 34. Rd1 Ra2 35. a4 Rb2 36. Rd3 a5 37. h4 h5 38. Kf3 1/2-1/2

[Event "Sparkassen-Open A"]
[Site "Heusenstamm, Martinsee"]
[Date "2022.11.18"]
[Round "3.52"]
[White "Marchese, Gaspare"]
[Black "Minor, Viatcheslav"]
[Result "0-1"]
[WhiteElo "1803"]
[BlackElo "2025"]
[PlyCount "70"]
[EventDate "2022.??.??"]
[WhiteTeam "SC Matt im Park Ffm"]
[BlackTeam "SV Eisenach"]

1. e4 b6 2. Nf3 Bb7 3. Bc4 e6 4. d3 c5 5. O-O Nc6 6. a3 Nge7 7. Re1 Ng6 8. Bg5
Qc7 9. Nc3 a6 10. Qe2 h6 11. Be3 Bd6 12. h3 O-O 13. Rad1 b5 14. e5 Ncxe5 15.
Nxe5 Nxe5 16. Bxb5 axb5 17. Ne4 Be7 18. Qh5 Bxe4 19. dxe4 Ng6 20. g3 Qe5 21.
Qe2 Qxe4 22. Rxd7 Qc6 23. Red1 Rfd8 24. Rxd8+ Rxd8 25. Rxd8+ Bxd8 26. Qh5 Be7
27. h4 Qd5 28. Qe2 c4 29. f4 Bf6 30. c3 Ne7 31. Bf2 Nf5 32. Qe1 Qd3 33. g4 Nd6
34. g5 hxg5 35. hxg5 Be7 0-1